Central Library OPAC University of Rajshahi

New poets of England and America / (Record no. 19273)

MARC details
000 -LEADER
fixed length control field 01047nam a2200337Ii 4500
001 - CONTROL NUMBER
control field 19273
003 - CONTROL NUMBER IDENTIFIER
rucl marc code BD-RjUL
005 - DATE AND TIME OF LATEST TRANSACTION
control field 20211209000417.0
008 - FIXED-LENGTH DATA ELEMENTS--GENERAL INFORMATION
fixed length control field 140223s1957 xx 000 0 eng d
035 ## - SYSTEM CONTROL NUMBER
System control number MITb10544351
System control number (OCoLC)03309083
System control number GLIS00544351
-- (BD-RjUL)19331
040 ## - CATALOGING SOURCE
Original cataloging agency IRU
Transcribing agency IRU
Modifying agency m.c.
-- RCD
-- BD-RjUL
Language of cataloging eng
041 ## - LANGUAGE CODE
Language code of text/sound track or separate title eng
082 ## - DEWEY DECIMAL CLASSIFICATION NUMBER
Classification number 811.54
Author mark and year NEW 1957
090 ## - LOCALLY ASSIGNED LC-TYPE CALL NUMBER (OCLC); LOCAL CALL NUMBER (OCLC)
Classification number (OCLC) (R) ; Classification number, CALL (RLIN) (NR) PS614
Local cutter number (OCLC) ; Book number/undivided call number, CALL (RLIN) .H1755
099 ## - LOCAL FREE-TEXT CALL NUMBER (OCLC)
Bangla Class number PS614.H1755
245 00 - TITLE STATEMENT
Title New poets of England and America /
Statement of responsibility, etc. edited by Donald Hall, Robert Pack, Louis Simpson ; introd. by Robert Frost.
260 ## - PUBLICATION, DISTRIBUTION, ETC. (IMPRINT)
Place of publication, distribution, etc. New York :
Name of publisher, distributor, etc. Meridian Books,
Date of publication, distribution, etc. 1957.
300 ## - PHYSICAL DESCRIPTION
Pagination 351 p. ;
Size 19 cm.
490 1# - SERIES STATEMENT
Series statement Meridian books
650 #0 - SUBJECT ADDED ENTRY--TOPICAL TERM
Topical term or geographic name as entry element American poetry
Chronological subdivision 20th century.
9 (RLIN) 51744
Topical term or geographic name as entry element English poetry
Chronological subdivision 20th century.
9 (RLIN) 59281
700 1# - ADDED ENTRY--PERSONAL NAME
Personal name Hall, Donald,
Dates associated with a name 1928-
Personal name Pack, Robert,
Dates associated with a name 1929-
Personal name Simpson, Louis Ashton Marantz.
830 #0 - SERIES ADDED ENTRY--UNIFORM TITLE
Uniform title Meridian book.
942 ## - ADDED ENTRY ELEMENTS (KOHA)
Source of classification or shelving scheme Dewey Decimal Classification
Koha item type Books
949 ## - LOCAL PROCESSING INFORMATION (OCLC)
a MYGH
Holdings
Lost status Source of classification or shelving scheme Damaged status Not for loan Collection code Permanent Location Current Location Shelving location Date acquired Source of acquisition Cost, normal purchase price Total Checkouts Full call number Date last seen Copy number Koha item type
  Dewey Decimal Classification   Not For Loan Non-fiction Central Library, University of Rajshahi Central Library, University of Rajshahi Reading Room 19/03/1959 World Brotherhood. 0.00   811.54 NEW 1957 23/02/2014 C-1 Books
  Dewey Decimal Classification     Non-fiction Central Library, University of Rajshahi Central Library, University of Rajshahi   19/03/1959 world brotherhood     811.54 NEW 1957 08/09/2020 C-2 Books